KOHA-Header-6

Tourism In Scotland 9Tourism & Hospitality Management Series (Record no. 8748)

000 -LEADER
fixed length control field 00272nam a2200109Ia 4500
020 ## - INTERNATIONAL STANDARD BOOK NUMBER
ISBN 1-86152-089-1
100 ## - MAIN ENTRY--AUTHOR NAME
Personal name Rory MacLellan
245 #0 - TITLE STATEMENT
Title Tourism In Scotland 9Tourism & Hospitality Management Series
260 ## - PUBLICATION, DISTRIBUTION, ETC. (IMPRINT)
Place of publication New york
Name of publisher Prentice
Year of publication 2001
300 ## - PHYSICAL DESCRIPTION
Number of Pages 457
942 ## - ADDED ENTRY ELEMENTS (KOHA)
Koha item type Books
Holdings
Withdrawn status Lost status Collection code Permanent Location Current Location Shelving location Date acquired Full call number Accession Number Koha item type
    English Literature MAJU MAJU Shelf No.A14 2019-09-14 658.403 3699 English Literature

Powered by Koha